Anastasia : (Record no. 414)

MARC details
000 -LEADER
fixed length control field 00890cam a2200277 a 4500
005 - DATE AND TIME OF LATEST TRANSACTION
control field 20260322212019.0
008 - FIXED-LENGTH DATA ELEMENTS--GENERAL INFORMATION
fixed length control field data
010 ## - LIBRARY OF CONGRESS CONTROL NUMBER
LC control number 83009397
020 ## - INTERNATIONAL STANDARD BOOK NUMBER
International Standard Book Number 0316507164 : 031650717
Terms of availability {dollar}17.95
020 ## - INTERNATIONAL STANDARD BOOK NUMBER
International Standard Book Number 9780316507165 : 031650717
Terms of availability {dollar}17.95
040 ## - CATALOGING SOURCE
Original cataloging agency DLC
Transcribing agency DLC
Modifying agency DLC
-- OCoLC
-- DLC
043 ## - GEOGRAPHIC AREA CODE
Geographic area code e-ur---
050 00 - LIBRARY OF CONGRESS CALL NUMBER
Classification number DK254.A7
Item number K8 1983
082 00 - DEWEY DECIMAL CLASSIFICATION NUMBER
Classification number B
-- B
Edition information 19
001 - CONTROL NUMBER
control field data
100 1# - MAIN ENTRY--PERSONAL NAME
Personal name Kurth, Peter.
245 10 - TITLE STATEMENT
Title Anastasia :
Remainder of title the riddle of Anna Anderson /
Statement of responsibility, etc. Peter Kurth.
250 ## - EDITION STATEMENT
Edition statement 1st ed.
260 ## - PUBLICATION, DISTRIBUTION, ETC.
Place of publication, distribution, etc. Boston :
Name of publisher, distributor, etc. Little, Brown,
Date of publication, distribution, etc. c1983.
300 ## - PHYSICAL DESCRIPTION
Extent xxi, 450 p., [12] p. of plates :
Other physical details ill. ;
Dimensions 25 cm.
500 ## - GENERAL NOTE
General note Includes index.
504 ## - BIBLIOGRAPHY, ETC. NOTE
Bibliography, etc. note Bibliography: p. 437-440.
600 00 - SUBJECT ADDED ENTRY--PERSONAL NAME
Personal name Anastasii︠a︡ Nikolaevna,
Titles and other words associated with a name Grand Duchess, daughter of Nicholas II, Emperor of Russia,
Dates associated with a name 1901-1918.
600 10 - SUBJECT ADDED ENTRY--PERSONAL NAME
Personal name Anderson, Anna.
650 #0 - SUBJECT ADDED ENTRY--TOPICAL TERM
Topical term or geographic name entry element Princesses
General subdivision Biography.
Geographic subdivision Russia
Holdings
Withdrawn status Lost status Damaged status Not for loan Home library Current library Shelving location Date acquired Total checkouts Full call number Barcode Date last seen Price effective from Koha item type
        Pleasant Valley Pleasant Valley General stacks 22/03/2026   947.08/3/0924 B 19 BC0010424 22/03/2026 22/03/2026 Books